LEADER 01279nam a2200289 i 4500 001 000000354126 003 CaOOAMICUS 005 20230609113817.0 008 230609s2018 it u100 u ita u 020 $a978-88-6879-486-6 040 $aSeMil$bita 245 00$aIslam europeo e famiglia occidentale :$bquale impatto e quali sinergie? /$ca cura di Stephan Kampowski. 264 1$aSiena :$bCantagalli,$c2018. 300 $a112 p. ;$c19 cm. 490 1 $aAmore umano. Strumenti ;$v14 500 $aAtti del Seminario tenuto a Roma nel 2015 650 4$aFamiglie - Concezione cristiana [e] Concezione islamica.$0(OLS)http://semarc/subject/53847 700 1 $aKampowski, Stephan,$d<1972- >.$0(OLS)http://semarc/name/62539 830 0$aAmore umano. Strumenti ;$v14.$0(OLS)http://semarc/title/40246 850 $aSeMil 852 $aSeMil$W1$xVenegono$y1$m2MA I 14$j241280$B245365$CSeMilBibl$Z2$F245365 $81 900 1 $aKampowski, Stephan Martin. 996 $6020$a978-88-6879-486-6$9(OLS)http://semarc/number/298295 996 $6245$aIslam europeo e famiglia occidentale :$bquale impatto e quali sinergie?$9(OLS)http://semarc/title/444260 996 $6264$aSiena :$bCantagalli$9(OLS)http://semarc/publisher/29767 LEADER 01549nam a2200289 i 4500 001 000000245792 003 CaOOAMICUS 005 20210428142935.0 008 151015s1776 it u000 u ita u 013 $a224697 026 $aiue- a-a, e.ue Male (3) 1776 (R) 040 $aSeMil$bita 100 1 $aCroiset, Jean .$0(OLS)http://semarc/name/2946 245 13$aIl perfetto modello della gioventu' cristiana nella vita di S. Luigi Gonzaga della Compagnia di Gesu'. Del p. Giovanni Croiset ... Traduzione dal francese .. 260 $aIn Venezia :$bPer l'Erede di Nicolò Pezzana,$c1776. 300 $a[4], 192, [8] p., [1] carta di tav. :$britr. ;$c12º. 500 $aSelvaggio Canturani è pseudonimo di Arcangelo Agostini. - Iniz., fregi xilogr. - Segn. : A-H12 I6. 600 04$aGonzaga, Luigi .$0(OLS)http://semarc/subject/8735 700 1 $aAgostini, Arcangelo,$d.$0(OLS)http://semarc/name/2889 700 1 $aPezzana, Nicolò eredi,$c.$0(OLS)http://semarc/name/2891 850 $aSeMil 852 $aSeMil$W1$xVenegono$y1$m3H I 135 FA$j196138$B196138$CSeMilBibl$Z2$F206933 $8I 900 1 $aCanturani, Selvaggio. 996 $6245$aIl perfetto modello della gioventu' cristiana nella vita di S. Luigi Gonzaga della Compagnia di Gesu'. Del p. Giovanni Croiset ... Traduzione dal francese ..$9(OLS)http://semarc/title/347479 996 $6260$aIn Venezia :$bPer l'Erede di Nicolò Pezzana$9(OLS)http://semarc/publisher/54973